Every Game Mario has Appeared In - Statistics

General Stats
  • This quiz has been taken 14 times
  • The average score is 53 of 261
Answer Stats
System(s) Game % Correct
Nintendo Entertainment System, Family Computer Disk System, Game & Watch, Arcade, Nelsonic Game Watch, Game & Watch (shell only) Super Mario Bros.
85%
Arcade, Game and Watch, Atari 2600, Intellivision, ColecoVision, Coleco Mini-arcade, Atari 8-bit family, Family Computer, TI-99/4A, IBM Personal Computer, Commodore VIC-20, Commodore 64, Apple II, Nintendo Entertainment System, MSX, ZX Spectrum, Amstrad CPC, Family Computer Disk System, Atari 7800, Nelsonic Game Watch, Nintendo e-reader, Game Boy Advance | Game Boy Donkey Kong
77%
Wii U Mario Kart 8
77%
Nintendo Entertainment System, Arcade, Nelsonic Game Watch, Family Computer Super Mario Bros. 2
77%
Nintendo 64 Mario Party
69%
Nintendo 64 Mario Party 2
69%
Nintendo 64 Mario Party 3
69%
GameCube Mario Party 4
69%
GameCube Mario Party 5
69%
GameCube Mario Party 7
69%
Wii Mario Party 8
69%
Wii Mario Party 9
69%
Nintendo 64 Super Mario 64
69%
Nintendo Entertainment System, Arcade, Nelsonic Game Watch Super Mario Bros. 3
69%
Wii Super Mario Galaxy
69%
Super Nintendo Entertainment System Super Mario Kart
69%
Nintendo 64 Super Smash Bros.
69%
Nintendo Entertainment System, Game Boy, Arcade Dr. Mario
62%
3DS | GameCube Luigi's Mansion
62%
Arcade, Atari 2600, Family Computer, Atari 5200, Commodore 64, Nintendo Entertainment System, Amstrad CPC, Atari 7800, ZX Spectrum, Atari 8-bit family, Nintendo e-reader, Game Boy Advance | Game & Watch Mario Bros.
62%
Nintendo 64, Game Boy Color Mario Golf
62%
3DS Mario Kart 7
62%
Wii U Mario Party 10
62%
GameCube Mario Party 6
62%
Nintendo 64, Game Boy Color Mario Tennis
62%
DS New Super Mario Bros.
62%
Wii Super Mario Galaxy 2
62%
Switch Super Mario Odyssey
62%
Super Nintendo Entertainment System Super Mario World
62%
Nintendo 64 Mario Kart 64
54%
Switch Mario Kart 8 Deluxe
54%
DS Mario Kart DS
54%
3DS New Super Mario Bros. 2
54%
Nintendo 64 Paper Mario
54%
Game Boy Super Mario Land
54%
GameCube Super Mario Sunshine
54%
Super Nintendo Entertainment System Super Mario World 2: Yoshi's Island
54%
Nintendo Entertainment System, Game Boy Yoshi
54%
Arcade, Game & Watch, Atari 2600, ColecoVision, Atari 8-bit family, Family Computer, Nintendo Entertainment System, Coleco Adam, Atari 7800, Family Computer Disk System, Nintendo e-reader Donkey Kong Jr.
46%
Switch Luigi's Mansion 3
46%
GameCube Mario Kart: Double Dash
46%
Wii Mario Kart Wii
46%
Wii U New Super Mario Bros. U
46%
3DS Super Mario 3D Land
46%
Wii U Super Mario 3D World
46%
Switch Super Mario Party
46%
Super Nintendo Entertainment System Super Mario RPG: Legend of the Seven Stars
46%
iOS, Android Super Mario Run
46%
Wii Super Smash Bros. Brawl
46%
Switch Super Smash Bros. Ultimate
46%
Game & Watch Donkey Kong II
38%
iOS, Android Mario Kart Tour
38%
Switch New Super Mario Bros. U Deluxe
38%
Wii New Super Mario Bros. Wii
38%
Switch Super Mario 3D All-Stars
38%
Super Nintendo Entertainment System Super Mario All-Stars
38%
Family Computer Disk System Super Mario Bros.: The Lost Levels
38%
Game Boy Super Mario Land 2: 6 Golden Coins
38%
Wii U Super Mario Maker
38%
Switch Super Mario Maker 2
38%
GameCube Super Mario Strikers
38%
GameCube Super Smash Bros. Melee
38%
Game Boy Wario Land: Super Mario Land 3
38%
Phillips CD-i Hotel Mario
31%
DS Mario & Luigi: Bowser's Inside Story
31%
Wii, DS Mario & Sonic at the Olympic Games
31%
Game Boy Advance Mario Kart: Super Circuit
31%
Switch Mario Tennis Aces
31%
Nintendo Entertainment System Punch-Out!!
31%
DS Super Mario 64 DS
31%
Wii Super Paper Mario
31%
DS Super Princess Peach
31%
3DS Super Smash Bros. for Nintendo 3DS
31%
Wii U Super Smash Bros. for Wii U
31%
Nintendo Entertainment System, Game Boy, Super Nintendo Entertainment System Yoshi's Cookie
31%
Wii U Captain Toad: Treasure Tracker
23%
Nintendo 64 Dr. Mario 64
23%
3DS Luigi's Mansion: Dark Moon
23%
DS Mario & Luigi: Partners in Time
23%
Game Boy Advance Mario & Luigi: Superstar Saga
23%
Wii, 3DS Mario & Sonic at the London 2012 Olympic Games
23%
Wii, DS Mario & Sonic at the Olympic Winter Games
23%
Super Nintendo Entertainment System Mario Paint
23%
DS Mario Party DS
23%
3DS Mario Party: Island Tour
23%
Switch Mario Party Superstars
23%
Switch Mario Strikers: Battle League
23%
Game Boy Advance Mario vs. Donkey Kong
23%
Wii U Paper Mario: Color Splash
23%
3DS Paper Mario: Sticker Star
23%
Switch Paper Mario: The Origami King
23%
GameCube Paper Mario: The Thousand-Year Door
23%
Switch Super Mario 3D World + Bowser's Fury
23%
Game Boy Advance Super Mario Advance
23%
Game Boy Advance Super Mario Advance 4: Super Mario Bros. 3
23%
Nelsonic Game Watch Super Mario Bros. 4
23%
Game Boy Color Super Mario Bros. Deluxe
23%
Game Boy Advance Super Mario World: Super Mario Advance 2
23%
Game Boy Advance Yoshi's Island: Super Mario Advance 3
23%
Nintendo 64 Yoshi's Story
23%
GameCube Dance Dance Revolution: Mario Mix
15%
Nintendo 64 Donkey Kong 64
15%
Wii U Dr. Luigi
15%
iOS, Android Dr. Mario World
15%
Switch, Arcade Mario & Sonic at the Olympic Games Tokyo 2020
15%
Arcade, 3DS, Wii U Mario and Sonic at the Rio 2016 Olympic Games
15%
Switch Mario Golf: Super Rush
15%
GameCube Mario Golf: Toadstool Tour
15%
DS Mario Hoops 3-on-3
15%
PC, Super Nintendo Entertainment System, Nintendo Entertainment System Mario is Missing!
15%
Game Boy Advance Mario Party Advance
15%
3DS Mario Party: The Top 100
15%
Switch Mario + Rabbids Kingdom Battle
15%
Switch Mario + Rabbids: Sparks of Hope
15%
Wii Mario Super Sluggers
15%
PC Mario Teaches Typing
15%
Family Computer, Nintendo Entertainment System, NEC PC-8801, Sharp X1, MZ-1500, Family Computer Disk System, Arcade, Game Boy, Nintendo e-reader Tennis
15%
Game Boy, Game Boy Color | Nintendo Entertainment System Tetris
15%
Nintendo Entertainment System, Family Computer Disk System, Game Boy Advance Wrecking Crew
15%
GameCube Animal Crossing
8%
Game Boy Baseball
8%
Nintendo Entertainment System Donkey Kong Classics
8%
Super Nintendo Entertainment System, Game Boy Advance Donkey Kong Country 2: Diddy's Kong Quest
8%
DSi Dr. Mario Express
8%
Game Boy Game & Watch Gallery
8%
Game Boy, Game Boy Color Game & Watch Gallery 2
8%
Game Boy Color Game & Watch Gallery 3
8%
Family Computer, Nintendo Entertainment System, NEC PC-8801, Sharp X1, Family Computer Disk System, Game Boy, Nintendo e-reader Golf
8%
3DS Mario & Luigi: Bowser's Inside Story + Bowser Jr's Journey
8%
3DS Mario & Luigi: Dream Team
8%
3DS Mario & Luigi: Paper Jam
8%
3DS Mario & Luigi: Superstar Saga + Bowser's Minions
8%
3DS Mario and Donkey Kong: Minis on the Move
8%
Virtual Boy Mario Clash
8%
3DS Mario Golf: World Tour
8%
Arcade Mario Kart Arcade GP
8%
Switch Mario Kart Live: Home Circuit
8%
3DS Mario Party: Star Rush
8%
Game & Watch Mario's Bombs Away
8%
Game & Watch Mario's Cement Factory
8%
Game Boy Mario's Picross
8%
Wii Mario Sports Mix
8%
3DS Mario Sports Superstars
8%
Super Family Computer Mario's Super Picross
8%
Virtual Boy Mario's Tennis
8%
PC, Super Nintendo Entertainment System, Nintendo Entertainment System Mario's Time Machine
8%
Wii Mario Strikers Charged
8%
PC Mario Teaches Typing 2
8%
3DS Mario Tennis Open
8%
Wii U Mario Tennis: Ultra Smash
8%
DS Mario vs. Donkey Kong 2: March of the Minis
8%
DS Mario vs. Donkey Kong: Mini-Land Mayhem!
8%
Wii U, 3DS Mario vs. Donkey Kong: Tipping Stars
8%
Wii U, 3DS Mini Mario & Friends: Amiibo Challenge
8%
Nintendo Entertainment System, Arcade NES Open Tournament Golf
8%
Wii U NES Remix
8%
Wii U NES Remix 2
8%
Family Computer, Nintendo Entertainment System, Family Computer Disk System, Nintendo e-reader Pinball
8%
Switch Super Mario Bros. 35
8%
3DS Super Mario Maker for Nintendo 3DS
8%
Super Nintendo Entertainment System Tetris & Dr. Mario
8%
DS Tetris DS
8%
3DS Ultimate NES Remix
8%
DS Yoshi's Island DS
8%
3DS Yoshi's New Island
8%
Nintendo 64 64 de Hakken!! Tamagotchi: Minna de Tamagotchi World
0%
Game Boy Alleyway
0%
Family Computer Disk System All Night Nippon Super Mario Bros.
0%
Satellaview BS Mario Paint: Yuu Shou Naizou Ban
0%
Satellaview BS Super Mario USA Power Challenge
0%
Game Boy Advance Classic NES Series: Donkey Kong
0%
Game Boy Advance Classic NES Series: Dr. Mario
0%
Game Boy Advance Classic NES Series: Super Mario Bros.
0%
Game & Watch Donkey Kong Circus
0%
Game & Watch Donkey Kong Hockey
0%
Game Boy Donkey Kong Land 2
0%
Nintendo 64 Doubutsu No Mori
0%
GameCube Doubutsu No Mori e+
0%
Game Boy Advance Dr. Mario & Puzzle League
0%
Satellaview Dr. Mario BS Version
0%
3DS Dr. Mario: Miracle Cure
0%
Wii Dr. Mario Online RX
0%
Satellaview Excitebike: Bun Bun Mario Battle Stadium
0%
Game Boy F1 Race
0%
Super Family Computer Famicom Detective Club: The Girl Who Stands Behind
0%
Family Computer Disk System Famicom Grand Prix: F-1 Race
0%
Family Computer Disk System Famicom Grand Prix II: 3D Hot Rally
0%
Game Boy Advance Famicom Mini: Mario Bros.
0%
Game Boy Advance Famicom Mini: Super Mario Bros. 2
0%
Game Boy Advance Famicom Mini: Wrecking Crew
0%
Family Computer Family BASIC
0%
Family Computer Family BASIC v3.0
0%
Family Computer Disk System Family Computer Golf: Japan Course
0%
Family Computer Disk System Family Computer Golf: U.S. Course
0%
Wii Fortune Street
0%
DS Game & Watch Collection
0%
DS Game & Watch Collection 2
0%
Game Boy Advance Game & Watch Gallery 4
0%
Family Computer Disk System I am a Teacher: Super Mario Sweater
0%
DS Itadaki Street DS
0%
Family Computer Disk System Kaettekita Mario Bros.
0%
Wii U Mario & Sonic at the Sochi 2014 Olympic Winter Games
0%
Super Family Computer Mario & Wario
0%
Nintendo 64DD Mario Artist: Communication Kit
0%
Nintendo 64DD Mario Artist: Paint Studio
0%
Nintendo 64DD Mario Artist: Polygon Studio
0%
Nintendo 64DD Mario Artist: Talent Studio
0%
NEC PC-8801, FM-7, Sharp X1 Mario Bros. Special
0%
Game Boy Advance Mario Golf: Advance Tour
0%
Arcade Mario Kart Arcade GP 2
0%
Arcade Mario Kart Arcade GP DX
0%
Arcade Mario Kart Arcade GP VR
0%
Nintendo 64 Mario no Photopi
0%
GameCube, Wii Mario Power Tennis
0%
PC, Super Nintendo Entertainment System Mario's Early Years! Fun with Letters
0%
PC, Super Nintendo Entertainment System Mario's Early Years! Fun with Numbers
0%
PC, Super Nintendo Entertainment System Mario's Early Years! Preschool Fun
0%
PC Mario's FUNdamentals
0%
PC Mario's Game Gallery
0%
PC Mario's Time Machine Deluxe
0%
GameCube Mario Superstar Baseball
0%
Game Boy Advance Mario Tennis: Power Tour
0%
Game & Watch Mario the Juggler
0%
Nintendo Entertainment System Mike Tyson's Punch-Out!!
0%
Switch Minecraft: Nintendo Switch Edition
0%
Wii U Minecraft: Wii U Edition
0%
Game Boy Color Mobile Golf
0%
Switch Namco Museum
0%
GameCube NBA Street V3
0%
GameCube Nintendo Puzzle Collection
0%
GameCube Pac-Man Vs.
0%
Game Boy Picross 2
0%
NEC PC-8801, FM-7, Sharp X1 Punch Ball Mario Bros.
0%
Nintendo Entertainment System Punch-Out!! (Gold Version)
0%
3DS Puzzle & Dragons Z + Super Mario Bros. Edition
0%
Game Boy Qix
0%
GameCube SSX on Tour
0%
Super Nintendo Entertainment System Super Mario All Stars + Super Mario World
0%
Game Boy Advance Super Mario Ball
0%
PC Super Mario Bros. & Friends: When I Grow Up
0%
NEC PC-8801, Sharp X1 Super Mario Bros. Special
0%
Arcade Super Mario Fushigi no Korokoro Party
0%
Nelsonic Game Watch Super Mario Race
0%
Super Nintendo Entertainment System Super Scope 6
0%
Satellaview Undake 30 Same Game
0%
Arcade Vs. Dr. Mario
0%
Arcade Vs. Golf
0%
Arcade Vs. Pinball
0%
Arcade Vs. Super Mario Bros
0%
Arcade Vs. Tennis
0%
Arcade Vs. Wrecking Crew
0%
Game Boy Advance WarioWare, Inc.: Mega Microgames!
0%
Super Family Computer Wrecking Crew '98
0%
DS Yakuman DS
0%
Super Nintendo Entertainment System Yoshi's Safari
0%
Game Boy Advance Yoshi Topsy Turvy
0%
DS Yoshi Touch & Go
0%
No matching quizzes found
Score Distribution
Percent of People with Each Score
Percentile by Number Answered
Your Score History
You have not taken this quiz